000
00267nam a2200109Ia 4500
008
200302s9999 xx 000 0 und d
100
_a
Michelle Galindo
245
_a
Collection European Architecture
260
_b
Verlagshaus Braun
260
_c
2009
300
_a
512 P.,
999
_c
2670
_d
2670